000 01278nam a2200337Ia 4500
001 ebr10185370
003 CaPaEBR
006 m u
007 cr cn|||||||||
008 020821s2001 ncu sb 000 0 eng d
010 _z 2002511267
020 _z1882197690
040 _aCaPaEBR
_cCaPaEBR
035 _a(OCoLC)216947121
050 1 4 _aHD69.C6
_bH376 2001eb
082 0 4 _a658.4/0785
_221
100 1 _aHart, E. Wayne,
_d1945-
245 1 0 _aUsing your executive coach
_h[electronic resource] /
_cE. Wayne Hart and Karen Kirkland.
260 _aGreensboro, N.C. :
_bCenter for Creative Leadership,
_cc2001.
300 _a30 p.
490 1 _aIdeas into action guidebooks
504 _aIncludes bibliographical references (p. 27).
533 _aElectronic reproduction.
_bPalo Alto, Calif. :
_cebrary,
_d2009.
_nAvailable via World Wide Web.
_nAccess may be limited to ebrary affiliated libraries.
650 0 _aBusiness consultants.
650 0 _aExecutives
_xTraining of.
655 7 _aElectronic books.
_2local
700 1 _aKirkland, Karen.
710 2 _aebrary, Inc.
830 0 _aIdeas into action guidebooks.
856 4 0 _uhttp://site.ebrary.com/lib/rucke/Doc?id=10185370
_zAn electronic book accessible through the World Wide Web; click to view
999 _c232381
_d232381